Santiago, ¿ciudad de clase mundial?: factores en el posicionamiento internacional de Santiago de Chile
I tiakina i:
| Ngā kaituhi matua: | , , |
|---|---|
| Hōputu: | Pukapuka |
| Reo: | Pāniora |
| I whakaputaina: |
Santiago
Instituto de Estudios Urbanos y Territoriales PUC
2004
|
| Ngā marau: | |
| Ngā Tūtohu: |
Tāpirihia he Tūtohu
Kāore He Tūtohu, Me noho koe te mea tuatahi ki te tūtohu i tēnei pūkete!
|
MARC
| LEADER | 00000cam a2200000 a 4500 | ||
|---|---|---|---|
| 001 | UCF7763 | ||
| 003 | CL-VaPUC | ||
| 008 | 130704e20040700CL |||||||||||||||||spa|d | ||
| 020 | |a 9562992594 | ||
| 082 | 0 | 4 | |a 711.409383 |b MAT |2 21 |
| 100 | |a Mattos, Carlos A. de |e autor |9 569892 | ||
| 700 | 0 | |a Fuentes Arce, Luis |e author |9 569887 | |
| 700 | 0 | |a Sierralta Jorquera, Carlos |e author |9 569888 | |
| 245 | 1 | 0 | |a Santiago, ¿ciudad de clase mundial?: factores en el posicionamiento internacional de Santiago de Chile |
| 300 | |a 85 p | ||
| 942 | |c BK | ||
| 945 | |d 20130704 00:00:00 |a dcastane | ||
| 260 | |a Santiago |b Instituto de Estudios Urbanos y Territoriales PUC |c 2004 | ||
| 650 | 0 | |a Urbanismo |9 255208 | |
| 650 | 0 | |a Planificación urbana |9 258176 | |
| 650 | 0 | |a Ciudades |9 265474 | |
| 651 | 0 | |a Santiago de Chile |9 505521 | |
| 583 | |a last modification |c 20130704 11:43:00 |k Rodrigo Vera | ||
| 999 | |c 352550 |d 352548 | ||
| 952 | |0 0 |1 0 |4 0 |6 711_409383000000000_MAT_2004 |7 0 |8 A |9 457111 |a BIBARQ |b BIBARQ |d 2019-11-22 |i 4987926 |o 711.409383 MAT 2004 |p 4987926 |r 2025-01-20 |w 2019-11-22 |y BK |k ARQ | ||